| 000 | 00554nam a22002177a 4500 | ||
|---|---|---|---|
| 003 | OSt | ||
| 005 | 20160525192131.0 | ||
| 008 | 160525b xxu||||| |||| 00| 0 eng d | ||
| 020 | _a0521665795 | ||
| 040 | _cDNLM | ||
| 082 | _aQW4 P84m 2000 | ||
| 100 |
_aPostgate, John _98718 |
||
| 245 | _aMicrobes and Man | ||
| 250 | _a4th ed. | ||
| 260 | _aCambridge University Press, 2000 | ||
| 300 | _axii,373p; ill: 22cm | ||
| 504 | _aReferences, glossary, & index included | ||
| 650 |
_aMicrobiology _9749 |
||
| 650 |
_aBiology _95602 |
||
| 942 |
_2z _cO_SHELF |
||
| 999 |
_c4161 _d4161 |
||